000 00442nam a2200133Ia 4500
008 220216s9999 xx 000 0 und d
100 _aSeneviratne P
245 4 _aThe role of snag on the growth of scion in budgrafted plants of Hevea with special reference to young buddings
260 _bJournal of the Rubber Research Institute of Sri Lanka
_c1995
300 _a21-35
700 _aNugawela A
700 _aSamarakoon S M A
942 _cJS
999 _c70994
_d70994